Remote vehicle control and monitoring using 3G and GPS / (Record no. 615862)

000 -LEADER
fixed length control field 00772nam a22001817a 4500
003 - CONTROL NUMBER IDENTIFIER
control field NUST
005 - DATE AND TIME OF LATEST TRANSACTION
control field 20260119160144.0
082 ## - DEWEY DECIMAL CLASSIFICATION NUMBER
Classification number 621.382,KHA
100 ## - MAIN ENTRY--PERSONAL NAME
Personal name Khan, Muhammad Zulfiqar Siddique
9 (RLIN) 132834
245 ## - TITLE STATEMENT
Title Remote vehicle control and monitoring using 3G and GPS /
Statement of responsibility, etc. Muhammad Zulfiqar Siddique Khan and Awais Ahmad (BETE-50)
260 ## - PUBLICATION, DISTRIBUTION, ETC.
Place of publication, distribution, etc. Rawalpindi
Name of publisher, distributor, etc. MCS (NUST)
Date of publication, distribution, etc. June, 2017
300 ## - PHYSICAL DESCRIPTION
Extent vi,64 p.;
505 ## - FORMATTED CONTENTS NOTE
Formatted contents note Introduction (Page-10, Literature Review (Page-6), Equipment Used (Page-10), Design and Implementation (Page-36), Results and Analysis (Page-39), Final Design (Page-60), Conclusion & Future work (Page-63).
650 ## - SUBJECT ADDED ENTRY--TOPICAL TERM
Topical term or geographic name entry element UG Project
9 (RLIN) 131132
651 ## - SUBJECT ADDED ENTRY--GEOGRAPHIC NAME
Geographic name BETE-50
9 (RLIN) 132811
700 ## - ADDED ENTRY--PERSONAL NAME
Personal name Supervised by Dr Adil Masood Siddique
9 (RLIN) 132501
942 ## - ADDED ENTRY ELEMENTS (KOHA)
Source of classification or shelving scheme
Koha item type Project Report
Holdings
Withdrawn status Lost status Source of classification or shelving scheme Damaged status Not for loan Permanent Location Current Location Shelving location Date acquired Total Checkouts Full call number Barcode Date last seen Price effective from Koha item type Public note
          Military College of Signals (MCS) Military College of Signals (MCS) Reference 01/19/2026   621.382,KHA MCSPTE-270 01/19/2026 01/19/2026 Project Report Almirah No.90, Shift No.4
© 2023 Central Library, National University of Sciences and Technology. All Rights Reserved.